| 000 | 00669nam a2200205 u 4500 | ||
|---|---|---|---|
| 005 | 20210223132737.0 | ||
| 008 | 151016s2013 r 000 0 eng d | ||
| 035 | _aUPN01000206051 | ||
| 049 | _aF | ||
| 050 | 4 |
_aBL2747.8 _bB6.4 |
|
| 100 | 1 |
_aBohoslavsky, Ernesto Lázaro _938616 |
|
| 245 | 1 | 0 |
_aLaicidad y América Latina / _cErnesto Bohoslavsky. |
| 260 |
_aMéxico : _bUNAM, Instituto de Investigaciones Jurídicas, _c2013. |
||
| 300 | _a45 p. | ||
| 440 | 0 |
_aCuadernos "Jorge Carpizo". _pPara entender y pensar la laicidad ; _v11 |
|
| 650 | 4 |
_aSECULARISMO _98612 |
|
| 650 | 4 |
_aRELIGION Y POLITICA - _zAMERICA LATINA _924702 |
|
| 905 | _aLibro | ||
| 999 |
_c178152 _d178152 |
||